Nueva gramática básica de la lengua española / (Registro nro. 54213)

Detalles MARC
000 -LEADER
campo de control de longitud fija 04220cam a22006014i 4500
003 - IDENTIFICADOR DE NÚMERO DE CONTROL
campo de control PE-LiUPU
005 - FECHA Y HORA DE LA ÚLTIMA TRANSACCIÓN
campo de control 20250731175642.0
008 - DATOS DE LONGITUD FIJA--INFORMACIÓN GENERAL
campo de control de longitud fija 150706s2011 ck a r 000 0 spa d
020 ## - NÚMERO INTERNACIONAL ESTÁNDAR DEL LIBRO
Número Internacional Estándar del Libro 9789584227966
035 ## - NÚMERO DE CONTROL DEL SISTEMA
Número de control de sistema (Sirsi) i9789584227966
040 ## - FUENTE DE CATALOGACIÓN
Centro catalogador/agencia de origen PE-LiUPU
Lengua de catalogación spa
Centro/agencia transcriptor PE-LiUPU
Normas de descripción rda
049 ## - FONDOS LOCALES (OCLC)
Biblioteca depositaria PRUA
082 04 - NÚMERO DE LA CLASIFICACIÓN DECIMAL DEWEY
Número de clasificación 465
Cutter R31
Número de edición 21
082 04 - NÚMERO DE LA CLASIFICACIÓN DECIMAL DEWEY
Número de clasificación 811.134
Cutter R31 2011
110 2# - ENTRADA PRINCIPAL--NOMBRE DE ENTIDAD CORPORATIVA
Nombre de entidad corporativa o nombre de jurisdicción como elemento de entrada Real Academía Española
245 10 - MENCIÓN DEL TÍTULO
Título Nueva gramática básica de la lengua española /
Mención de responsabilidad, etc. Real Academía Española.
264 #1 - PRODUCCIÓN, PUBLICACIÓN, DISTRIBUCIÓN, FABRICACIÓN Y COPYRIGHT
Producción, publicación, distribución, fabricación y copyright Bogotá :
Nombre del de productor, editor, distribuidor, fabricante Planeta Colombiana,
Fecha de producción, publicación, distribución, fabricación o copyright 2011 .
300 ## - DESCRIPCIÓN FÍSICA
Extensión 305 páginas :
Otras características físicas ilustraciones ;
Dimensiones 20 centímetros
336 ## - TIPO DE CONTENIDO
Término de tipo de contenido text
Fuente rdacontent
337 ## - TIPO DE MEDIO
Nombre/término del tipo de medio unmediated
Fuente rdamedia
338 ## - TIPO DE SOPORTE
Nombre/término del tipo de soporte volume
Fuente rdacarrier
500 ## - NOTA GENERAL
Nota general Contenido identico, sin embargo en el ej. 1 aparece 2a ed.
505 0# - NOTA DE CONTENIDO CON FORMATO
Nota de contenido con formato La gramática -- Las palabras -- Morfología -- El género -- El número -- La flexión verbal -- La derivación y la composición -- Categorias y clases -- El sustantivo -- El adjetivo -- Determinantes y pronombres -- El artículo -- El pronombre personal -- Demostrativos y posesivos -- Cuantificadores y numerales -- Relativos, interrogativos y exclamativos -- El adverbio -- El verbo -- La preposición. La conjunción. La interjección -- Sintaxis -- Estructuras sintácticas simples -- El grupo nominal -- Los grupos adjetival, preposicional y adverbial -- El sujeto -- Complemento directo. Complemento indirecto. Complemento de régimen -- Adjunto. Complemento circunstanciales -- El atributo -- Oraciones activas, pasivas, impersonales y medias -- La modalidad. La negación -- Estructura sintácticas complejas -- Oraciones subordinadas sustantivas -- Oraciones subordinadas de relativo -- Construcciones comparativas, superlativas y consecutivas -- Construcciones causales, finales e ilativas -- Construcciones condicionales y concesivas.
526 ## - NOTA DE INFORMACIÓN SOBRE EL PROGRAMA DE ESTUDIO
Nombre del programa Comunicación Y Periodismo
526 ## - NOTA DE INFORMACIÓN SOBRE EL PROGRAMA DE ESTUDIO
Nombre del programa Educación, Especialidad Inglés Y Español (A Distancia)
526 ## - NOTA DE INFORMACIÓN SOBRE EL PROGRAMA DE ESTUDIO
Nombre del programa Educación, Especialidad Inglés Y Español
526 ## - NOTA DE INFORMACIÓN SOBRE EL PROGRAMA DE ESTUDIO
Nombre del programa Teología
526 ## - NOTA DE INFORMACIÓN SOBRE EL PROGRAMA DE ESTUDIO
Nombre del programa Educación secundaria, especialidad lingüística e inglés
526 ## - NOTA DE INFORMACIÓN SOBRE EL PROGRAMA DE ESTUDIO
Nombre del programa Ciencias de la comunicación
541 ## - NOTA DE FUENTE DE ADQUISICIÓN DIRECTA
-- 045-0004361;
541 ## - NOTA DE FUENTE DE ADQUISICIÓN DIRECTA
-- 001-0035138;
541 ## - NOTA DE FUENTE DE ADQUISICIÓN DIRECTA
-- 001-0035138;
541 ## - NOTA DE FUENTE DE ADQUISICIÓN DIRECTA
-- 001-0035138;
596 ## -
-- 1 3
650 04 - PUNTO DE ACCESO ADICIONAL DE MATERIA--TÉRMINO DE MATERIA
Término de materia o nombre geográfico como elemento de entrada Español
Subdivisión general Gramática.
650 04 - PUNTO DE ACCESO ADICIONAL DE MATERIA--TÉRMINO DE MATERIA
Término de materia o nombre geográfico como elemento de entrada Español
Subdivisión general Morfología.
650 04 - PUNTO DE ACCESO ADICIONAL DE MATERIA--TÉRMINO DE MATERIA
Término de materia o nombre geográfico como elemento de entrada Español
Subdivisión general Sintaxis.
910 ## - DATOS DE OPCIÓN DEL USUARIO (OCLC)
Datos de opción del usuario gl
-- jv
-- ng
-- 20121203
910 ## - DATOS DE OPCIÓN DEL USUARIO (OCLC)
-- tqv
-- 20170918
942 ## - ELEMENTOS DE ENTRADA SECUNDARIOS (KOHA)
Fuente del sistema de clasificación o colocación Clasificación Decimal Dewey
Tipo de ítem Koha
949 ## - PROCESAMIENTO DE INFORMACIÓN LOCAL (OCLC)
a 465 R31
w DEWEY
c 1
i 65812
l CCODEBUL1
m BUL
p 22.00
r 0
s Y
t BOOK
u 2015-7-6
x FCE
z AGB
o .STAFF. Colección General
949 ## - PROCESAMIENTO DE INFORMACIÓN LOCAL (OCLC)
a 465 R31
w DEWEY
c 2
i 66587
l CCODEBUL1
m BUL
p 14.00
r 0
s Y
t BOOK
u 2015-7-6
x EDUCACION
-- P20
o .STAFF. Colección General
949 ## - PROCESAMIENTO DE INFORMACIÓN LOCAL (OCLC)
a 465 R31
w DEWEY
c 3
i 66588
l CCODEBUL1
m BUL
p 14.00
r 0
s Y
t BOOK
u 2015-7-6
x EDUCACION
-- P20
o .STAFF. Colección General
949 ## - PROCESAMIENTO DE INFORMACIÓN LOCAL (OCLC)
a 465 R31
w DEWEY
c 4
i 66589
l CCODEBUL1
m BUL
p 14.00
r 0
s Y
t BOOK
u 2015-7-6
x EDUCACION
-- P20
o .STAFF. Colección General
949 ## - PROCESAMIENTO DE INFORMACIÓN LOCAL (OCLC)
a 811.134 R31
w DEWEY
c 4
i FJ08804
l CCODEBUJ1
m BUJ
p 22.00
r 0
s Y
t BOOK
u 2017-09-18
x EDUCACION
-- P14
o .STAFF. Colección General Juliaca
994 ## -
-- C0
-- PEPRU
999 ## - NÚMEROS DE CONTROL DE SISTEMA (KOHA)
-- DEWEY
-- 65812
-- 2021-11-8
-- 6
-- CCODEBUL1
-- BUL
-- 22.00
-- 1
-- 0
-- N
-- BOOK
-- 2015-7-6
-- EDUCACION
-- AGB
-- .STAFF. Colección General
999 ## - NÚMEROS DE CONTROL DE SISTEMA (KOHA)
-- DEWEY
-- 66587
-- 2018-2-19
-- 2021-11-8
-- 5
-- CCODEBUL1
-- BUL
-- 2
-- 14.00
-- 1
-- 0
-- N
-- BOOK
-- 2015-7-6
-- EDUCACION
-- P20
-- COMPRA
-- .STAFF. Colección General
999 ## - NÚMEROS DE CONTROL DE SISTEMA (KOHA)
-- DEWEY
-- 66588
-- 2018-4-19
-- 2021-11-8
-- 5
-- CCODEBUL1
-- BUL
-- 2
-- 14.00
-- 2
-- 0
-- N
-- BOOK
-- 2015-7-6
-- EDUCACION
-- P20
-- COMPRA
-- .STAFF. Colección General
999 ## - NÚMEROS DE CONTROL DE SISTEMA (KOHA)
-- DEWEY
-- 66589
-- 2017-10-4
-- 2021-11-8
-- 5
-- CCODEBUL1
-- BUL
-- 2
-- 14.00
-- 2
-- 0
-- Y
-- BOOK
-- 2015-7-6
-- EDUCACION
-- P20
-- COMPRA
-- .STAFF. Colección General
999 ## - NÚMEROS DE CONTROL DE SISTEMA (KOHA)
-- DEWEY
-- FJ08804
-- 2022-2-2
-- 2
-- CCODEBUJ1
-- BUJ
-- 22.00
-- 2
-- 0
-- Y
-- BOOK
-- 2017-9-18
-- EDUCACION
-- P14
-- COMPRA
-- .STAFF. Colección General Juliaca
980 ## - EQUIVALENCIA O REFERENCIA-CRUZADA-MENCIÓN DE SERIE--NOMBRE DE PERSONA/TÍTULO [LOCAL, CANADÁ]
ID del último usuario que modificó el registro 1
Nombre del último usuario que modificó el registro ALBERTO SANCHEZ Responsable de Automatización
Existencias
Visto por última vez Número de inventario Total de préstamos Signatura topográfica completa Código de barras Fecha del último préstamo Copia número Coste, precio de reemplazo Fecha de reemplazo Facultad Tipo de ítem Koha Nota pública Estado de pérdida Fuente del sistema de clasificación o colocación Restricciones de uso No para préstamo Colección Programa académico Biblioteca de origen Biblioteca actual Ubicación en estantería Fecha de adquisición Fuente de adquisición Coste, precio normal de compra Renovaciones totales
2025-12-02 7 3 465 R31 65812 2024-05-10 e1 27.00 2015-07-06 FACIHED Libros físicos inventario-2023-12-13 No Perdido Clasificación Decimal Dewey No restringido Disponible para préstamos Colección General Educación primaria Biblioteca CRAI UPeU Lima Biblioteca CRAI UPeU Lima Sala principal 2015-07-06 COMPRA 22.00  
2025-12-02 6 3 465 R31 66587 2023-08-23 e2 19.00 2015-07-06 FACIHED Libros físicos inventario-2023-12-13 No Perdido Clasificación Decimal Dewey No restringido Disponible para préstamos Colección General Educación primaria Biblioteca CRAI UPeU Lima Biblioteca CRAI UPeU Lima Sala principal 2015-07-06 COMPRA 14.00  
2025-12-02 6 3 465 R31 66588 2024-05-08 e3 19.00 2015-07-06 FACIHED Libros físicos inventario-2023-12-13 No Perdido Clasificación Decimal Dewey No restringido Disponible para préstamos Colección General Educación primaria Biblioteca CRAI UPeU Lima Biblioteca CRAI UPeU Lima Sala principal 2015-07-06 COMPRA 14.00  
2025-12-02 6 2 465 R31 66589 2022-09-12 e4 19.00 2015-07-06 FACIHED Libros físicos inventario-2023-12-13 No Perdido Clasificación Decimal Dewey No restringido Disponible para préstamos Colección General Educación primaria Biblioteca CRAI UPeU Lima Biblioteca CRAI UPeU Lima Sala principal 2015-07-06 COMPRA 14.00 1